[Event "Floripa Chess Open 2024"]
[Site "Florianopolis"]
[Date "2024.01.26"]
[Round "8.52"]
[White "Peixoto, Rudson Marinho"]
[Black "Zacarias, Rodrigo Medeiros"]
[Result "0-1"]
[WhiteElo "1895"]
[BlackElo "2058"]
[PlyCount "82"]
[EventDate "2024.01.20"]
[EventRounds "10"]
[EventCountry "BRA"]

1. e4 c5 2. Nf3 Nc6 3. Nc3 e6 4. Bc4 a6 5. a4 Qc7 6. O-O Nf6 7. Re1 d6 8. d4
cxd4 9. Nxd4 Be7 10. h3 $146 ({RR} 10. Nf3 O-O 11. b3 Na5 12. Nd2 Bd7 13. Bb2
Rac8 14. Bd3 e5 15. Nf3 Nc6 16. Bc4 Nd8 17. Qd2 Be6 18. Bxe6 Nxe6 19. Rac1 Qd7
20. Nd5 Nxd5 21. Qxd5 Nf4 22. Qd1 Qg4 23. g3 f5 24. Kh1 Nh3 {Von Malm,H-Bauch,
R Germany 1993 0-1}) ({RR} 10. Nxc6 bxc6 11. a5 O-O 12. Bd3 e5 13. h3 Bb7 14.
f4 Rfe8 15. Qf3 Nd7 16. Rf1 d5 17. Kh1 Nf6 18. fxe5 Qxe5 19. exd5 cxd5 20. Bf4
Qe6 21. Rae1 Qd7 22. Be5 Bd8 23. Qg3 Rxe5 24. Qxe5 Bc7 {Md. Saiful Islam,C  
(2130)-Md,S (2004) Dhaka BAN 2024 1-0 (60)}) ({RR} 10. Bg5 Bd7 11. Nf3 O-O 12.
Qd2 Rfd8 13. Rad1 Bc8 14. Bd3 b6 15. Bf4 Nd7 16. Bf1 Nde5 17. Qe3 Nc4 18. Bxc4
Bb7 19. Rd2 Rd7 20. Red1 Rad8 21. Qe2 Nb4 22. Bb3 Qc6 23. Nd4 Qc8 24. Nxe6 fxe6
{Schlueter,R (1520)-Pfister,G (1512) Kitzingen 2010 1-0 (31)}) ({RR} 10. Kh1 h5
11. Nxc6 Ng4 12. Qe2 bxc6 13. f4 Bb7 14. h3 d5 15. exd5 cxd5 16. Bd3 Bc5 17.
Rf1 Kf8 18. Bd2 Re8 19. Rae1 Qb6 20. a5 Qa7 21. Nd1 e5 22. fxe5 Rxe5 23. Qf3
Bc6 24. b4 Rxe1 {Radoszta,A (2077)-Fernandez,J (2180) Buenos Aires 2004 1-0  
(45)}) 10... O-O 11. Bg5 Bd7 12. Nxc6 Bxc6 13. Bb3 b5 14. f3 b4 15. Ne2 Rfd8
16. Nd4 Bb7 17. Kh1 Qa5 18. Qd2 Nxe4 19. fxe4 Bxg5 20. Qd3 Bf6 21. Rad1 Bxd4
22. Qxd4 Qc5 23. Qd2 a5 24. e5 d5 25. Qg5 h6 26. Qf4 Ba6 27. Re3 Ra7 28. Rg3
Kh7 29. c4 bxc3 30. Bc2+ g6 31. Qf6 Rg8 32. bxc3 Qe7 33. Qf2 Bc4 34. Rd4 Rb7
35. h4 h5 36. Rg5 Kg7 37. Rf4 Rb2 38. Rxc4 dxc4 39. Qd2 Rgb8 40. Qc1 Qd8 41.
Kh2 Ra2 0-1

[Event "Floripa Chess Open 2024"]
[Site "Florianopolis"]
[Date "2024.01.26"]
[Round "8.53"]
[White "Frattini, Beatriz Maria"]
[Black "Moura, Eduardo Eugenio Cha"]
[Result "1/2-1/2"]
[WhiteElo "1873"]
[BlackElo "2055"]
[PlyCount "40"]
[EventDate "2024.01.20"]
[EventRounds "10"]
[EventCountry "BRA"]

1. e4 c5 2. Nf3 d6 3. d4 cxd4 4. Nxd4 Nf6 5. Nc3 g6 6. Be3 Nc6 7. Bc4 ({RR} 7.
f3 h5 8. Bc4 Bd7 9. Qd2 Nxd4 10. Bxd4 Bh6 11. Qd3 O-O 12. Rd1 e6 13. O-O Bf4
14. Kh1 a6 15. Bf2 Be5 16. f4 Bxc3 17. bxc3 Bc6 18. Bh4 Bxe4 19. Qd4 Kg7 20.
Bb3 Bf5 21. c4 Qe7 {LCZero v0.26.3-rc1_T60.SV.JH. (3542)-Stockfish
202009282242_nn-bae tcec-chess.com INT 2020 1/2-1/2 (92)}) ({RR} 7. f3 h5 8.
Qd2 Nxd4 9. Bxd4 Bh6 10. Be3 Bxe3 11. Qxe3 Be6 12. O-O-O Qa5 13. Kb1 Rc8 14. a3
a6 15. Qd4 O-O 16. Nd5 Nxd5 17. exd5 Bf5 18. Bd3 Bxd3 19. Rxd3 Qc5 20. Qxc5
Rxc5 21. Re1 Rfc8 {Boggarapu,K (1857)-Han,Q (1603) Hastings ENG 2024 1-0 (59)})
7... Ng4 8. Nxc6 bxc6 9. O-O $146 ({RR} 9. Bd2 Qb6 10. O-O Bg7 11. h3 Ne5 12.
Bb3 Ba6 13. Re1 O-O 14. Be3 Qc7 15. Qd2 Nc4 16. Bxc4 Bxc4 17. Bh6 Bxh6 18. Qxh6
Rfd8 19. Qf4 Rab8 20. b3 Qa5 21. Re3 Be6 22. Rd1 Rb7 23. a4 Rbd7 {Bottema,
T-Stoffers,J Hengelo 2003 0-1 (40)}) ({RR} 9. Qd2 Nxe3 10. Qxe3 Bg7 11. Bb3 O-O
12. h4 Qb6 13. Qd2 h5 14. O-O Bg4 15. Rfe1 a5 16. a4 Be6 17. Bxe6 fxe6 18. Rab1
Rxf2 {0-1 (18) Skuhala,B (2201)-Andreikin,D (2729) chess.com INT 2023}) ({RR} 
9. Bc1 Bg7 10. O-O O-O 11. Be2 Nf6 12. Be3 Rb8 13. Rb1 Qa5 14. f4 Nd7 15. f5
Ba6 16. Bxa6 Qxa6 17. Qg4 Ne5 18. Qh4 Nc4 19. Bh6 Bxh6 20. Qxh6 Rxb2 21. Rxb2
Nxb2 22. f6 exf6 23. Rf3 Qb6+ {Whitehead,D (2041)-Jones,S (1923) England 2012
0-1 (32)}) 9... Bg7 10. Bd4 e5 11. Be3 Nxe3 12. fxe3 O-O 13. Qd2 Be6 14. Bxe6
fxe6 15. Rxf8+ Bxf8 16. Rf1 Bh6 17. Rd1 d5 18. exd5 exd5 19. Qd3 Rb8 20. e4 d4
1/2-1/2

[Event "Floripa Chess Open 2024"]
[Site "Florianopolis"]
[Date "2024.01.26"]
[Round "8.54"]
[White "Urquiza, Marcello De Albuque"]
[Black "Branco, Joao Pedro Belaglov"]
[Result "1-0"]
[WhiteElo "2050"]
[BlackElo "1778"]
[PlyCount "43"]
[EventDate "2024.01.20"]
[EventRounds "10"]
[EventCountry "BRA"]

1. e4 c5 2. Nf3 Nc6 3. Bb5 e6 4. O-O Nge7 5. Re1 Nd4 6. Nxd4 cxd4 7. d3 Nc6 8.
Nd2 a6 9. Ba4 b5 10. Bb3 Bb4 ({RR} 10... Be7 11. Qg4 O-O 12. Nf3 d6 13. Bd2 e5
14. Qg3 Be6 15. c3 dxc3 16. bxc3 Qd7 17. d4 Na5 18. Rab1 Nxb3 19. axb3 f6 20.
h3 {1/2-1/2 (20) Martinez Alcantara,J (2619)-Ibarra Jerez,J (2563) chess.com
INT 2023}) 11. a3 Ba5 12. Qg4 $146 ({RR} 12. Bd5 O-O 13. Bxc6 dxc6 14. b4 Bc7
15. Nb3 e5 16. Bb2 f5 17. f3 f4 18. c3 dxc3 19. Bxc3 Rf6 20. Re2 Rh6 21. Be1
Bb6+ 22. Bf2 Bxf2+ 23. Rxf2 Qh4 24. h3 Ra7 25. Kf1 Rd7 26. Nc5 Rd4 {Wirig,A  
(2396)-Miladinovic,I (2611) Nancy 2005 1-0 (67)}) 12... Qf6 13. f4 Bb7 14. Rf1
Qg6 15. Qe2 f5 16. exf5 Qxf5 17. Ne4 Bc7 18. g4 Qf8 19. f5 e5 20. Bg5 Nd8 21.
f6 d5 22. fxg7 1-0

[Event "Floripa Chess Open 2024"]
[Site "Florianopolis"]
[Date "2024.01.26"]
[Round "8.55"]
[White "Lima, Vinicius Taishun"]
[Black "Dias, Clara"]
[Result "0-1"]
[WhiteElo "2047"]
[BlackElo "1717"]
[PlyCount "72"]
[EventDate "2024.01.20"]
[EventRounds "10"]
[EventCountry "BRA"]

1. e4 c5 2. Nf3 d6 3. d4 cxd4 4. Nxd4 Nf6 5. Nc3 a6 6. Bd3 e5 7. Nde2 Be7 8.
O-O b5 ({RR} 8... Nc6 9. Ng3 Be6 10. a3 Rc8 11. Re1 h6 12. Nf1 d5 13. exd5 Nxd5
14. Nxd5 Qxd5 15. Ne3 Qd7 16. Qh5 g6 17. Qd1 O-O 18. Nc4 Bxc4 19. Bxc4 Qxd1 20.
Rxd1 Nd4 21. Bd3 Nxc2 22. Bxc2 Rxc2 23. Bxh6 {Nepomniachtchi,I (2776)-Ding
Liren (2811) chess.com INT 2019 1/2-1/2 (33)}) 9. Ng3 O-O 10. Kh1 $146 ({RR} 
10. Qf3 Bg4 11. Qe3 Nc6 12. Nd5 h6 13. c3 Nxd5 14. exd5 Bg5 15. Qe4 f5 16. Qe1
Ne7 17. Bxg5 hxg5 18. f3 f4 19. fxg4 Qb6+ 20. Kh1 fxg3 21. Qe4 g6 22. h3 Rf4
23. Qe2 Raf8 24. Rxf4 gxf4 {Pert,R (2416)-Ferro,M (2243) chess.com INT 2021
1-0 (52)}) ({RR} 10. f4 b4 11. Nd5 Nxd5 12. exd5 g6 13. fxe5 dxe5 14. Bh6 Qxd5
15. Bxf8 Bxf8 16. Be4 Qc5+ 17. Kh1 Ra7 18. Bd5 Kg7 19. Ne4 Qb5 20. c4 Qa5 21.
Nf6 Re7 22. Qf3 Bf5 23. Nh5+ Kh8 24. Ng3 e4 {Yan,R (2219)-Ghazaryan,R (2134)
Los Angeles USA 2023 1/2-1/2 (38)}) ({RR} 10. f4 exf4 11. Bxf4 Ng4 12. Nd5 Ne5
13. a4 b4 14. Be3 Nbc6 15. a5 Rb8 16. Nf5 Bg5 17. Bb6 Rxb6 18. Nxb6 Bb7 19. Nc4
Nxc4 20. Bxc4 Nxa5 21. Bd5 Bf6 22. Nxd6 Qb6+ 23. Kh1 Bxb2 24. Rxa5 Qxa5 {
Priyanka,K (2067)-Kurbonboeva,S (2266) Navrangpura IND 2019 1-0 (32)}) ({RR} 
10. a4 b4 11. Nd5 Nxd5 12. exd5 f5 13. Re1 e4 14. Nxe4 fxe4 15. Rxe4 Bf5 16.
Rxb4 Nd7 17. Be3 Nc5 18. Bxf5 Rxf5 19. Qe2 Qf8 20. Bxc5 dxc5 21. Rb7 Bd6 22.
Re1 Re5 23. Qd1 Rxe1+ 24. Qxe1 Re8 {Meyer,G-Roescher,M Dortmund 1998 0-1 (33)})
10... b4 11. Nd5 Nxd5 12. exd5 f5 13. f3 Bh4 14. a3 bxa3 15. Rxa3 Qe8 16. f4 e4
17. Be2 Nd7 18. c4 Rb8 19. Qc2 Bb7 20. b4 Qc8 21. Rd1 Ba8 22. Qa4 Bb7 23. Be3
Qc7 24. Rc3 Bxg3 25. hxg3 Nf6 26. Rc2 Qf7 27. Rcd2 Kh8 28. Kg1 Qg6 29. Kf2 Qf7
30. Qa2 Rfd8 31. Qa1 Rbc8 32. Qa4 Nd7 33. Ra2 Ra8 34. c5 dxc5 35. bxc5 Nf6 36.
d6 a5 0-1

[Event "Floripa Chess Open 2024"]
[Site "Florianopolis"]
[Date "2024.01.26"]
[Round "8.56"]
[White "Felizes, Paulo"]
[Black "Mariani, Daniel Brandao"]
[Result "0-1"]
[WhiteElo "1855"]
[BlackElo "2040"]
[PlyCount "58"]
[EventDate "2024.01.20"]
[EventRounds "10"]
[EventCountry "BRA"]

1. d4 d5 2. Bg5 h6 3. Bh4 c5 4. dxc5 g5 5. Bg3 Bg7 6. c3 Na6 ({RR} 6... Nc6 7.
e3 Nf6 8. Nf3 Ne4 9. Nd4 ({RR} 9. Bd3 Bg4 10. Qc2 Bxf3 11. gxf3 Nxc5 12. Nd2
Nxd3+ 13. Qxd3 O-O 14. h4 e5 15. hxg5 Qxg5 16. f4 exf4 17. Bxf4 Qf6 18. O-O-O
Rfd8 19. Rdg1 Ne5 20. Bxe5 Qxe5 21. Rxh6 Kf8 22. Rh7 Bf6 23. Nf3 Qe4) 9... Nxc5
10. Nb5 Ne6 11. Be2 a6 12. Nd4 Nc5 13. Nd2 e5 14. Nxc6 bxc6 15. h4 Bf5 16. hxg5
hxg5 17. Rxh8+ Bxh8 18. b4 Ne4 19. Nxe4 Bxe4 20. f3 Bf5 21. e4 {Felizes,P  
(1855)-De Siqueira,L (2230) Florianopolis SC 2024 0-1 (78)}) 7. e4 ({RR} 7. Nf3
Nxc5 8. Nbd2 Nf6 9. e3 O-O 10. Be5 Bf5 11. Nb3 Na4 12. Nbd4 Bd7 13. Qc2 Rc8 14.
Bb5 Nb6 15. Bxf6 Bxf6 16. Bxd7 Nxd7 17. Nf5 Bg7 18. Rd1 e6 19. Nxg7 Kxg7 20. e4
Qe7 21. exd5 exd5+ {Nakamura,H (2788)-Bluebaum,M (2670) chess.com INT 2023 1-0
(52)}) ({RR} 7. Nf3 Nxc5 8. Nbd2 Nf6 9. e3 O-O 10. Be5 Bf5 11. Nb3 Na4 12. Nbd4
Bd7 13. Qc2 Rc8 14. Bb5 Nb6 15. Bxf6 Bxf6 16. Bxd7 Nxd7 17. Nf5 Bg7 18. Rd1 e6
19. Nxg7 Kxg7 20. e4 Qe7 21. exd5) 7... dxe4 ({RR} 7... Nxc5 8. exd5 Nf6 9.
Bb5+ Bd7 10. Bxd7+ Qxd7 11. Nf3 Qxd5 12. O-O O-O 13. Qxd5 Nxd5 14. Rd1 Rfd8 15.
Na3 Na4 16. Rab1 a6 17. Be5 f6 18. Bd4 e5 19. Be3 f5 20. c4 Nb4 21. b3 Nc3 22.
Rxd8+ {Rodgers,J (2059)-Lysyj,I (2589) chess.com INT 2024 0-1 (32)}) ({RR} 7...
Nxc5 8. exd5 Nf6 9. Bb5+ Bd7 10. Bxd7+ Qxd7 11. Nf3 Qxd5 12. O-O O-O 13. Qxd5
Nxd5 14. Rd1 Rfd8 15. Na3 Na4 16. Rab1 a6 17. Be5 f6 18. Bd4 e5 19. Be3 f5 20.
c4 Nb4 21. b3) 8. Qxd8+ Kxd8 9. Na3 $146 ({RR} 9. Bxa6 bxa6 10. Nd2 f5 11. f4
e5 12. fxg5 hxg5 13. O-O-O Ke8 14. Nc4 f4 15. Be1 Ke7 16. Nd6 Bg4 17. Nxe4 Bxd1
18. Kxd1 g4 19. Ne2 Nf6 20. Nd6 Ke6 21. c4 g3 22. h3 Ng4 23. Rg1 Ne3+ {
Svicevic,R (2175)-Saypuri,S (2172) Belgrade SRB 2022 0-1}) ({RR} 9. Bxa6 bxa6
10. Nd2 f5 11. f4 gxf4 12. Bxf4 e5 13. Bg3 Be6 14. Ne2 h5 15. O-O-O Ke7 16. Nb3
Bxb3 17. axb3 Nh6 18. Rd6 f4 19. Bh4+ Kf7 20. Rxa6 Nf5 21. Be1 Bh6 22. Kb1 Ne3
23. g3 f3 {Hoffmann,A (2185)-Antonio,J (2277) chess.com INT 2021 0-1 (45)}) ({
RR} 9. Bxa6 bxa6 10. f3 e3 11. Na3 f5 12. O-O-O+ Ke8 13. f4 e5 14. fxe5 f4 15.
Be1 Bxe5 16. Nf3 Bc7 17. h3 Bb7 18. Nc4 Nf6 19. Nd6+ Bxd6 20. cxd6 Bxf3 21.
gxf3 Kd7 22. c4 Rac8 23. b3 Rhe8 {Tamosaitis,R (2123)-Kazakovskiy,V (2387)
Lithuania 2016 0-1 (40)}) 9... f5 10. O-O-O+ Ke8 11. Bb5+ Kf7 12. Bxa6 bxa6 13.
f4 e5 14. fxe5 f4 15. Rf1 Bxe5 16. Nc4 Ke6 17. Nxe5 Kxe5 18. Bf2 e3 19. Nf3+
Kd5 20. Rd1+ Kxc5 21. Be1 Nf6 22. b4+ Kc6 23. c4 Bg4 24. Bc3 Bxf3 25. gxf3 Rhf8
26. h4 g4 27. c5 Nd5 28. Bg7 Rg8 29. Bxh6 gxf3 0-1

[Event "Floripa Chess Open 2024"]
[Site "Florianopolis"]
[Date "2024.01.26"]
[Round "8.57"]
[White "Eger, Laura Luisa"]
[Black "Dauer, Andre Leonardo"]
[Result "1-0"]
[WhiteElo "1848"]
[BlackElo "2032"]
[PlyCount "98"]
[EventDate "2024.01.20"]
[EventRounds "10"]
[EventCountry "BRA"]

1. e4 e6 2. d4 d5 3. Bd3 dxe4 4. Bxe4 Nf6 5. Bf3 Be7 6. Ne2 O-O 7. O-O c5 8.
Be3 Qb6 ({RR} 8... Qc7 9. Nbc3 Rd8 10. Qc1 Nc6 11. Bxc6 Qxc6 12. dxc5 Bxc5 13.
Rd1 Bd7 14. Nd4 Qc7 15. a3 Ng4 16. Bf4 e5 17. Bg3 Nxf2 18. Bxf2 exd4 19. Ne4
Bf5 20. Nxc5 Qxc5 21. c3 Qc6 22. Bxd4 Re8 23. Qf4 {Abdusattorov,N (2627)-Xiong,
J (2709) chess.com INT 2020 1-0}) ({RR} 8... Nbd7 9. Nbc3 cxd4 10. Nxd4 Ne5 11.
Qe2 Qc7 12. Ndb5 Qb8 13. Bf4 Nxf3+ 14. Qxf3 e5 15. Rfe1 Nd7 16. Nd5 Bd8 17. Bg3
a6 18. Nbc3 f5 19. Qh5 f4 20. Bh4 Nf6 21. Nxf6+ Bxf6 22. Nd5 Be6 23. Bxf6 {
Kosakowski,J (2486)-Gumularz,S (2591) chess.com INT 2024 1-0 (72)}) 9. Nbc3 Na6
$146 ({RR} 9... cxd4 10. Bxd4 Qa5 11. Ne4 Nc6 12. Bc3 Qb5 13. Nxf6+ Bxf6 14.
Bxf6 gxf6 15. Bxc6 bxc6 16. Qd4 Qe5 17. Qxe5 fxe5 18. c4 c5 19. Nc3 Bb7 20.
Rfd1 Rfd8 21. Rxd8+ Rxd8 22. Rd1 Rd4 23. b3 Kf8 24. Kf1 {Acosta Cruz,O (2164)
-Chizhikov,V (2279) chess.com INT 2022 0-1 (57)}) 10. dxc5 Nxc5 11. Na4 Qa5 12.
Nxc5 Bxc5 13. Bxc5 Qxc5 14. Nc3 Qb4 15. Rb1 Bd7 16. Qe2 Rfd8 17. Qe3 Bc6 18.
Bxc6 bxc6 19. a3 Qa5 20. Qf3 Qb6 21. Rfd1 h6 22. Na4 Qb5 23. b3 Rab8 24. h3 e5
25. Qe3 a5 26. Nc3 Qb6 27. Qxe5 Re8 28. Qf4 Re6 29. Na4 Qa7 30. Nc5 Re2 31. Qc4
Rbe8 32. b4 Qc7 33. Nd3 R8e4 34. Qc5 axb4 35. Rxb4 Re6 36. Qc3 Nd5 37. Qc5 Nxb4
38. axb4 Qe7 39. Qc4 Qa7 40. Rf1 Qa4 41. Nc5 Rxc2 42. Qxe6 Qxb4 43. Qe8+ Kh7
44. Nd7 Qc4 45. Nf8+ Kg8 46. Ng6+ Kh7 47. Ne7 f6 48. Qg6+ Kh8 49. Nf5 Qg8 1-0

[Event "Floripa Chess Open 2024"]
[Site "Florianopolis"]
[Date "2024.01.26"]
[Round "8.58"]
[White "Viana, Daniel Fernandes"]
[Black "Cordero, Daniela"]
[Result "1/2-1/2"]
[WhiteElo "1830"]
[BlackElo "2028"]
[PlyCount "71"]
[EventDate "2024.01.20"]
[EventRounds "10"]
[EventCountry "BRA"]

1. c4 e5 2. g3 d6 3. Bg2 h5 4. h4 ({RR} 4. d4 Nd7 5. Nf3 Be7 6. h4 c6 7. Nc3
Ngf6 8. Qc2 Ng4 9. O-O exd4 10. Nxd4 Nde5 11. Ne4 O-O 12. Ng5 Nf6 13. b3 g6 14.
Bb2 Bd7 15. Rad1 Qc8 16. Qc3 Re8 17. f4 Neg4 18. e4 Bf8 {Iturrizaga,E (2607)
-Petrosian,T (2601) chess.com INT 2020 0-1 (71)}) 4... Nc6 $146 ({RR} 4... Nh6
5. Nc3 g6 6. d4 Nd7 7. dxe5 dxe5 8. Nf3 Bg7 9. Qc2 Nc5 10. Bg5 f6 11. Rd1 Qe7
12. Qxg6+ Qf7 13. Nxe5 Qxg6 14. Nxg6 fxg5 15. hxg5 Nf7 16. Nxh8 Nxh8 17. Nd5
Ne6 18. Rxh5 Bxb2 19. Rb1 {Wirig,A (2347)-Sarakauskas,G (2380) Nancy 2003 1-0})
5. Nc3 Nf6 6. d3 Bg4 7. a3 a5 8. Rb1 Be7 9. Bd2 O-O 10. b4 axb4 11. axb4 Qc8
12. Nf3 Re8 13. Ng5 Nd4 14. O-O Nh7 15. Nxh7 Kxh7 16. Re1 c6 17. b5 Qd7 18. Be3
Bd8 19. Qc1 Ba5 20. f3 Bh3 21. Qb2 cxb5 22. cxb5 Rac8 23. Bd2 Bxg2 24. Kxg2 Rc5
25. e3 Bxc3 26. Bxc3 Rxb5 27. Qa2 Rxb1 28. Rxb1 Nc6 29. Qb3 Rb8 30. Qb6 Ne7 31.
Bb4 Nc8 32. Qa5 Qc6 33. Rb2 Qc1 34. Qa2 Qc7 35. Rc2 Qd7 36. Qd5 1/2-1/2

[Event "Floripa Chess Open 2024"]
[Site "Florianopolis"]
[Date "2024.01.26"]
[Round "8.59"]
[White "Boabaid, Jorge Alberto Duard"]
[Black "Costa, Flavio Luis Cesar"]
[Result "1/2-1/2"]
[WhiteElo "1771"]
[BlackElo "1994"]
[PlyCount "65"]
[EventDate "2024.01.20"]
[EventRounds "10"]
[EventCountry "BRA"]

1. e4 {Hindemburg,Melao} c6 2. d4 d5 3. exd5 cxd5 4. Bd3 Nc6 5. c3 Nf6 6. h3 g6
7. Nf3 Bg7 8. O-O Bf5 9. Re1 Bxd3 10. Qxd3 O-O 11. Bf4 a6 ({RR} 11... Ne4 12.
Nbd2 Nxd2 13. Nxd2 e6 14. Re2 Rc8 15. Rae1 Na5 16. Qg3 Nc4 17. Nb3 b6 18. Nc1
Qf6 19. Nd3 Qf5 20. Rd1 h6 21. Qh2 Rfd8 22. g4 Qf6 23. Qg3 Qe7 24. Kg2 Kh7 25.
Rde1 Qf6 26. Bc1 {Alekseev,E (2623)-Turov,M (2567) Tallinn EST 2020 1/2-1/2  
(42)}) 12. Nbd2 e6 13. Qe3 $146 ({RR} 13. Ne5 Nxe5 14. Bxe5 Nd7 15. Bxg7 Kxg7
16. Nf3 Qb6 17. Re2 Qd6 18. Rae1 b5 19. h4 Nf6 20. Ne5 b4 21. c4 dxc4 22. Nxc4
Qc7 23. Rc2 Rac8 24. Rec1 Qa7 25. Ne5 Rxc2 26. Rxc2 a5 27. Rc5 Nd5 {Achutti,A 
(2044)-Pelikian,J (2395) Sao Paulo 1999 EXT 2000 [Hindemburg,Melao] 0-1 (63)})
({RR} 13. Ne5 Nxe5 14. Bxe5 Ne8 15. Nf3 b5 16. a4 Bxe5 17. Nxe5 bxa4 18. Rxa4
a5 19. Rea1 Nd6 20. b4 Nc4 21. Nxc4 dxc4 22. Qxc4 Rc8 23. Qd3 axb4 24. Rxb4 Rc7
25. c4 Qd6 26. Rba4 Kg7 27. Qe4 Rd8 {Langner,J (1806)-Volcik,L (1951) Sec u
Chrudimi 2008 1/2-1/2 (45)}) ({RR} 13. Ne5 Nxe5 14. Bxe5 Nd7 15. Bxg7 Kxg7 16.
Nf3 Rc8 17. Re2 Rc7 18. Rae1 Nf6 19. Ne5 Nd7 20. Qe3 Qf6 21. Ng4 Qh4 22. Kh2 h6
23. g3 Qg5 24. f4 Qf5 25. Qf3 h5 26. Ne3 Qf6 27. Kg2 Qd8 {Lootsma,J (1928)
-Uneken,B (1803) Hoogeveen NED 2022 1/2-1/2 (90)}) 13... b5 14. Bg5 Qc7 15. Bf4
Qb7 16. Nb3 Nd7 17. Bd6 Rfe8 18. Qf4 Nd8 19. Re2 a5 20. Rae1 Ra6 21. Nc5 Nxc5
22. dxc5 b4 23. Nd4 Bf8 24. Bxf8 Rxf8 25. cxb4 Qxb4 26. Qf6 Qxc5 27. Nf5 gxf5
28. Qg5+ Kh8 29. Qf6+ Kg8 30. Re3 f4 31. Re5 h6 32. Qxh6 f5 33. Qg6+ 1/2-1/2

[Event "Floripa Chess Open 2024"]
[Site "Florianopolis"]
[Date "2024.01.26"]
[Round "8.60"]
[White "Spagnollo, Pedro Henrique"]
[Black "Ribeiro, Davison Soares"]
[Result "1/2-1/2"]
[WhiteElo "1445"]
[BlackElo "1989"]
[PlyCount "86"]
[EventDate "2024.01.20"]
[EventRounds "10"]
[EventCountry "BRA"]

1. e4 {Hecht,H} e6 2. d4 c5 3. Nf3 cxd4 4. Nxd4 Nc6 5. Nc3 Qc7 6. Be3 a6 7. Qd2
Nf6 8. Be2 Bb4 9. Bf3 ({RR} 9. f3 d5 10. Nxc6 bxc6 11. a3 Bd6 12. Bd3 Rb8 13.
f4 d4 14. Bxd4 Bxf4 15. Qe2 c5 16. Bxf6 gxf6 17. g3 Be5 18. Nd1 h5 19. c3 h4
20. gxh4 Rxh4 21. Nf2 Qb6 22. O-O-O c4 23. Bxc4 Bxc3 {Montell Lorenzo,J (2327)
-Pogorelov,R (2445) Salou 2000 CBM 080 [Hecht,H] 0-1 (72)}) ({RR} 9. f3 b5 10.
a3 Be7 11. O-O-O O-O 12. h4 b4 13. Na2 bxa3 14. b3 Rb8 15. Qc3 Nh5 16. Rh3 Nf4
17. Rhh1 Bf6 18. Qc4 Bxd4 19. Bxd4 Nxe2+ 20. Qxe2 Nxd4 21. Rxd4 Rxb3 22. Qc4
Qf4+ 23. Rd2 Rb7 {Bokobza,P-Bajoghli,N (1598) Reykjavik ISL 2023 0-1 (34)})
9... Ne5 10. a3 $146 ({RR} 10. Nde2 Nc4 11. Qc1 Nxe3 12. Qxe3 O-O 13. a3 Bc5
14. Qd3 Rd8 15. O-O-O Rb8 16. g4 d6 17. e5 Ne8 18. Ne4 d5 19. Nxc5 Qxc5 20. Be4
g6 21. f4 Bd7 22. Bf3 Bb5 23. Qd2 Bxe2 24. Bxe2 b5 {Sha,S (1451)-Laustsen,K  
(1739) Nuremberg 2004 0-1 (43)}) ({RR} 10. Nde2 Nc4 11. Qc1 Nxe3 12. Qxe3 d6
13. O-O O-O 14. a3 Bc5 15. Qd2 Nd7 16. Rfd1 Ne5 17. b4 Nc4 18. Qf4 Ba7 19. Ra2
Qb6 20. Qg3 Bb8 21. Na4 Qd8 22. Nb2 d5 23. Qh3 Nxb2 24. Rxb2 Qf6 {Farsang,
P-Erdelyi,Z (2244) Szombathely 2002 0-1 (60)}) ({RR} 10. O-O Nc4 11. Qe2 Nxb2
12. Nd1 Nc4 13. Bg5 Be7 14. Ne3 Ne5 15. Rad1 O-O 16. Bxf6 Bxf6 17. g3 Nc6 18.
c3 b5 19. Bg2 Qa7 20. Nxc6 dxc6 21. c4 Qc7 22. f4 e5 23. cxb5 axb5 24. Ng4 Bxg4
{Oim,M (1180)-Azjargal Erdenebat (1684) Tornelo INT 2021 0-1 (33)}) 10... Nc4
11. Qc1 Nxa3 12. O-O Nc4 13. Nce2 Nxe3 14. Qxe3 d6 15. c3 Bc5 16. b4 Ba7 17.
Nb5 Qb6 18. Nxa7 Qxa7 19. Qd3 Qb6 20. Rfd1 Ke7 21. Nd4 Bd7 22. g3 Rhd8 23. h4
Rac8 24. Rac1 Kf8 25. g4 Ba4 26. Re1 Kg8 27. g5 Nd7 28. Be2 Ne5 29. Qg3 Rc7 30.
h5 Kh8 31. Kh2 Rdc8 32. Rg1 Rg8 33. g6 h6 34. f4 Nc6 35. gxf7 Rxf7 36. Nxe6 Nd8
37. Bc4 d5 38. Nxd8 Rxd8 39. Bxd5 Re7 40. Qh4 Qc7 41. Rg6 Rd6 42. Rcg1 Be8 43.
Rxd6 Qxd6 1/2-1/2

[Event "Floripa Chess Open 2024"]
[Site "Florianopolis"]
[Date "2024.01.26"]
[Round "8.61"]
[White "Zottis, Pietro"]
[Black "Seccafim, Caic Dos Santos"]
[Result "1/2-1/2"]
[WhiteElo "1418"]
[BlackElo "1986"]
[PlyCount "88"]
[EventDate "2024.01.20"]
[EventRounds "10"]
[EventCountry "BRA"]

1. d4 f5 2. c4 e6 3. Nc3 Nf6 4. Nf3 d5 5. Bf4 c6 6. e3 Bd6 7. Bg3 ({RR} 7. Qc2
O-O 8. a3 Ne4 9. Bd3 Bxf4 10. exf4 Nd7 11. O-O Ndf6 12. Ne5 dxc4 13. Bxe4 fxe4
14. Nxe4 Qxd4 15. Rfe1 b5 16. Rad1 Qb6 17. Ng5 a5 18. Ng4 g6 19. Nxf6+ Rxf6 20.
g3 Qc7 21. Qc3 Qe7 {Nielsen,P (2628)-Vaisser,A (2573) playchess.com INT 2004
1-0 (31)}) 7... O-O 8. c5 Bc7 9. Be2 $146 ({RR} 9. a3 Nbd7 10. Bd3 Ne4 11. Qc2
Bb8 12. b4 Qf6 13. Ne2 g5 14. Bxb8 Rxb8 15. h4 g4 16. Nd2 h5 17. g3 Kg7 18. Nf4
Kh6 19. Nb3 e5 20. dxe5 Nxe5 21. O-O Nf3+ 22. Kg2 Rg8 23. Bxe4 fxe4 {Hamid
Mohammed (2116)-Ugyen Wangchuk Chennai IND 2022 1-0 (50)}) ({RR} 9. Bd3 Ne4 10.
O-O Nd7 11. Qc2 Ndf6 12. Bxc7 Qxc7 13. Ne5 Nxc5 14. Nb5 cxb5 15. Qxc5 Qxc5 16.
dxc5 Nd7 17. Nxd7 Bxd7 18. b4 Bc6 19. a4 a6 20. axb5 axb5 21. Rfc1 g6 22. f4
Kg7 23. Kf2 Kf6 {Savostianov,I-Ledovskih,V (1680) Omsk 2010 1-0 (51)}) 9...
Nbd7 10. b4 Ne4 11. Nxe4 fxe4 12. Bxc7 Qxc7 13. Nd2 e5 14. O-O Rf6 15. Qb3 Nf8
16. Nxe4 Rh6 17. Nd6 Ne6 18. dxe5 Kh8 19. f4 Qe7 20. Nf5 Qf7 21. Nxh6 gxh6 22.
Rad1 Ng7 23. Qc3 Be6 24. Bd3 Nf5 25. Bxf5 Qxf5 26. Rd2 Rf8 27. a4 a6 28. Rb2
Rg8 29. Qd4 h5 30. Kh1 h4 31. b5 h3 32. g3 h5 33. e4 dxe4 34. bxc6 bxc6 35. Rb7
e3 36. Qxe3 Rd8 37. g4 hxg4 38. Qf2 Kg8 39. Rb4 Qd3 40. Rb2 Bf5 41. Kg1 Rd7 42.
Qh4 Qe3+ 43. Rbf2 Rg7 44. Qd8+ Kh7 $11 1/2-1/2

[Event "Floripa Chess Open 2024"]
[Site "Florianopolis"]
[Date "2024.01.26"]
[Round "8.62"]
[White "Gomes, Adrian Felipe L"]
[Black "Dornelles, Marcio Neron Camarg"]
[Result "1/2-1/2"]
[WhiteElo "1416"]
[BlackElo "1983"]
[PlyCount "95"]
[EventDate "2024.01.20"]
[EventRounds "10"]
[EventCountry "BRA"]

1. e4 e6 2. d3 d5 3. Nd2 Nf6 4. Ngf3 Be7 5. g3 O-O 6. e5 ({RR} 6. Bg2 b5 7. O-O
a5 8. Re1 b4 9. e5 Ne8 10. Nf1 c5 11. h4 Nc7 12. h5 Nc6 13. a4 bxa3 14. Rxa3
Nb5 15. Ra4 Nbd4 16. N1h2 Bd7 17. c3 Nxf3+ 18. Nxf3 Qb6 19. Rg4 Kh8 20. c4 dxc4
{Jobava,B (2650)-Luther,T (2580) Moscow 2007 1-0 (41)}) 6... Nfd7 ({RR} 6... c5
7. exf6 Bxf6 8. Bg2 Nc6 9. O-O b6 10. Re1 Bb7 11. c3 e5 12. c4 Nb4 13. Nb3 dxc4
14. dxc4 Nd3 15. Re3 e4 16. Ne1 Bg5 17. Rxd3 exd3 18. Bxg5 Qxg5 19. Bxb7 Rad8
20. Bd5 b5 21. Qd2 {Fernandez,G (2181)-Novoselov,R (2279) chess.com INT 2024
1-0}) 7. Bg2 f6 $146 ({RR} 7... c5 8. c3 Nc6 9. d4 cxd4 10. cxd4 Qb6 11. Nb3 a5
12. Rb1 a4 13. Na1 Bb4+ 14. Kf1 f6 15. exf6 Nxf6 16. Nc2 Bd6 17. Bg5 Ne4 18.
Be3 a3 19. bxa3 Qa6+ 20. Kg1 Nc3 21. Qe1 Ne2+ 22. Kf1 {Romais,R (1523)-Brito,V
(1794) Rio de Janeiro BRA 2022 0-1}) 8. Qe2 Nxe5 9. Nxe5 fxe5 10. Nf3 Nc6 11.
Nxe5 Nxe5 12. Qxe5 Bf6 13. Qe2 e5 14. O-O c6 15. c3 Bf5 16. Be3 Qd7 17. Rad1 b6
18. Qc2 Rae8 19. Qa4 Qc7 20. c4 e4 21. dxe4 Bxe4 22. cxd5 cxd5 23. Bxe4 Rxe4
24. Qb3 Qc4 25. Qa3 d4 26. Rc1 Qe6 27. Bf4 Be7 28. Qd3 Bc5 29. a3 a5 30. Bd2 h5
31. b4 axb4 32. axb4 Bd6 33. Rc6 Rd8 34. Bf4 Rxf4 35. gxf4 Qd5 36. Rxb6 Rf8 37.
Rb5 Qe6 38. f5 Qf6 39. Qe4 Kh7 40. Kh1 d3 41. Qxd3 Bf4 42. Qf3 Qh4 43. Qg2 Bxh2
44. Qxh2 Qc4 45. Qxh5+ Kg8 46. Rg1 Qxb5 47. Qg6 Qb7+ 48. Kh2 1/2-1/2